书目信息 |
| 题名: |
大众文化理论新编
|
|
| 作者: | 赵勇 主编 | |
| 分册: | ||
| 出版信息: | 北京 北京师范大学出版社 2011.9 |
|
| 页数: | 394页 | |
| 开本: | 23cm | |
| 丛书名: | 新世纪高等学校教材 | |
| 单 册: | ||
| 中图分类: | G240 | |
| 科图分类: | ||
| 主题词: | 群众文化--文化理论--高等学校--教材 | |
| 电子资源: | ||
| ISBN: | 978-7-303-13146-4 | |
| 000 | 00932oam2 2200253 45 | |
| 001 | 1360079218 | |
| 005 | 20130530103615.93 | |
| 010 | @a978-7-303-13146-4@dCNY38.00 | |
| 100 | @a20130513d2011 em y0chiy0121 ea | |
| 101 | 0 | @achi |
| 102 | @aCN@b110000 | |
| 105 | @ay z 000yy | |
| 106 | @ar | |
| 200 | 1 | @a大众文化理论新编@ADa Zhong Wen Hua Li Lun Xin Bian@f赵勇主编@FZhao Yong Zhu Bian |
| 210 | @a北京@c北京师范大学出版社@d2011.9 | |
| 215 | @a394页@d23cm | |
| 225 | 2 | @a新世纪高等学校教材@i文艺学系列教材 |
| 330 | @a本书内容包括导论、批判理论与大众文化、符号学与大众文化、文化研究与大众文化、大众文化的起源、大众文化与大众媒介、大众文化与媚俗艺术、大众文化与中产趣味等。 | |
| 461 | 0 | @12001 @a新世纪高等学校教材@i文艺学系列教材@f丛书主编童庆炳 |
| 606 | 0 | @a群众文化@x文化理论@x高等学校@j教材 |
| 690 | @aG240@v5 | |
| 701 | 0 | @a赵勇@AZhao Yong@4主编 |
| 801 | @aCN@bTANGWEI@c20130522 | |
| 905 | @b0833860-63@dG240@e18@f4 | |
| 大众文化理论新编/赵勇主编.-北京:北京师范大学出版社,2011.9 |
| 394页;23cm.-(新世纪高等学校教材.文艺学系列教材) |
| ISBN 978-7-303-13146-4:CNY38.00 |
| 本书内容包括导论、批判理论与大众文化、符号学与大众文化、文化研究与大众文化、大众文化的起源、大众文化与大众媒介、大众文化与媚俗艺术、大众文化与中产趣味等。 |
| ● |
| 相关链接 |
|
|
|
|
正题名:大众文化理论新编
索取号:G240/18
 
预约/预借
| 序号 | 登录号 | 条形码 | 馆藏地/架位号 | 状态 | 备注 |
| 1 | 0833860 | 208338609 | 第一样本阅览室/ [索取号:G240/18] | 在馆 | |
| 2 | 0833861 | 208338618 | 第四借阅区/ [索取号:G240/18] | 在馆 | |
| 3 | 0833862 | 208338627 | 中文系资料室/ [索取号:G240/18] | 在馆 | |
| 4 | 0833863 | 208338636 | 第四借阅区/ [索取号:G240/18] | 在馆 |